| 000 | 006360000a22001210004500 | ||
|---|---|---|---|
| 100 | 1 | _aSouza de Matos, Alderi. | |
| 245 | 1 | 0 | _aUm vaso de barro: a dimensâo humana de Joâo Calvino |
| 300 | _aVol.14, no.2 (2009), p. 47-64 | ||
| 520 | _aEste articulo aborda una cuestion controvertida con respeto al reformador de Ginebra - su personalidad. Desde el siglo 16 son muchos los escritores que han hecho un juicio exesivamente negativo de Calvino, generalmente motivados por preconceptos ideológicos, y no por un análisis sereno y objetivo de evidencias históricas. | ||
| 650 | 1 | 4 | _aPERSONALIDAD |
| 773 | 0 | _tFfides Reformata | |
| 942 | _cANA | ||
| 999 |
_c63398 _d63398 |
||